000
00313nam a2200133Ia 4500
008
240112s1971 xx 000 0 und d
041
_a
eng
082
_a
618.9205
100
_a
FARBER S.J.
245
_a
AMERICAN JOU. OF MEDICAL SCIENCE
260
_b
OWNERS & PUB.
_c
1971
300
_a
370,HB
440
_v
261
999
_c
1141999
_d
1141999